| Tag |
First Indicator |
Second Indicator |
Subfields |
| LEADER |
00000cam a22000001a 4500 |
| 001 |
in00003376512 |
| 006 |
m d f |
| 007 |
cr bn mmmapmmp |
| 008 |
100717s1998 dcu o f000 0 eng d |
| 005 |
20260429182444.8 |
| 035 |
|
|
|a cis2007892489
|
| 040 |
|
|
|a ProQuest
|c ProQuest
|d UtOrBLW
|
| 043 |
|
|
|a n-us---
|
| 099 |
|
|
|a CRS-1998-ECN-0233
|
| 110 |
2 |
|
|a Library of Congress.
|b Congressional Research Service.
|
| 245 |
1 |
0 |
|a Sub-Saharan-U.S. Trade and Investment :
|b Background and Legislation (H.R. 1432/S. 778).
|
| 264 |
|
1 |
|a [Place of publication not identified] :
|b [publisher not identified],
|c 1998.
|
| 300 |
|
|
|a 1 online resource.
|
| 336 |
|
|
|a text
|b txt
|2 rdacontent
|
| 337 |
|
|
|a computer
|b c
|2 rdamedia
|
| 338 |
|
|
|a online resource
|b cr
|2 rdacarrier
|
| 500 |
|
|
|a Record is based on bibliographic data in ProQuest U.S. Congressional Research Digital Collection (last viewed July 2010). Reuse except for individual research requires license from ProQuest, LLC.
|
| 500 |
|
|
|a CRS Report.
|
| 520 |
|
|
|a Reviews current U.S. trade and investment in sub-Saharan Africa. Describes H.R. 1432/S. 778, the African Growth and Opportunity Act, to increase opportunities for U.S. trade and investment with sub-Saharan Africa, encourage closer economic cooperation with the region, and support debt reduction for the poorest sub-Saharan countries.
|
| 500 |
|
|
|a Electronic resource.
|
| 650 |
|
0 |
|a Debts, External.
|
| 650 |
|
0 |
|a Investments, Foreign.
|
| 650 |
|
0 |
|a Foreign trade promotion.
|
| 655 |
|
7 |
|a Electronic books.
|2 local
|
| 710 |
2 |
|
|a ProQuest (Firm)
|
| 776 |
0 |
8 |
|i Microfiche version:
|a Library of Congress. Congressional Research Service.
|t Sub-Saharan-U.S. Trade and Investment
|
| 830 |
|
0 |
|a U.S. Congressional Research.
|
| 856 |
4 |
0 |
|u http://proxy.library.tamu.edu/login?url=https://congressional.proquest.com/congcomp/getdoc?CRDC-ID=CRS-1998-ECN-0233
|z Connect to the full text of this electronic book
|t 0
|
| 999 |
|
|
|a MARS
|
| 999 |
f |
f |
|s ce3309d6-ee3e-399b-9c17-610c00977703
|i 13ded39a-0131-3d5f-9a8f-89d0c756cff6
|t 0
|
| 952 |
f |
f |
|a Texas A&M University
|b College Station
|c Electronic Resources
|s www_evans
|d Available Online
|t 0
|e CRS-1998-ECN-0233
|h Other scheme
|
| 998 |
f |
f |
|a CRS-1998-ECN-0233
|t 0
|l Available Online
|